01108 2200325 4500001002100000005001500021035002000036007000300056008004100059020002200100082001500122084001700137100003600154245019800190250003400388300003000422650002900452700003200481700003300513504003300546264002900579336002100608337003000629338002300659040002200682090002200704850001200726999002200738990002200760INLIS00000000088339320231129102401 a0010-1123000472ta231129s2022 yoi g 000 | ind d a978-623-8091-13-304223a297.43 a297.43 HAB d0 aHabib Sulthon AsnawiePengarang10aDinamika hukum perkawinan di Indonesia :btinjauan hukum keluarga Islam terhadap legalitas perkawinan kepercayaan penghayat /cHabib Sulthon Asnawi, M. Anwar Nawawi; penyunting, M. Nurdin Zuhdi aCetakan Pertama, Oktober 2022 axiv, 208 halaman ;c23 cm 4aHukum Perkawinan (Islam)0 aAnwar Nawawi, M.ePengarang0 aNurdin Zuhdi, M.ePenyunting aBibliografi: halaman 189-20031aBantul :bBildung,c2022 2rdacontentateks 2rdamediaatanpa perantara 2rdacarrieravolume aYOPDYOGbinderda aCB-D.11 2022-4550 aYOPDYOG aCB-D.11/2022-4550 aCB-D.11/2022-4550